| 000 | 00880 a2200229 4500 | ||
|---|---|---|---|
| 003 | UA-OsUOA | ||
| 005 | 20230824120734.0 | ||
| 008 | 230824b un ||||| |||| 00| 0 ukr d | ||
| 020 | _a9789662973006 | ||
| 040 |
_aUA-OsUOA _bukr _cUA-OsUOA _dUA-OsUOA |
||
| 041 | _aukr | ||
| 080 | _a821.161.2(410) | ||
| 090 |
_a821.161.2(410) _bМ67 |
||
| 100 | _aМітчел Д. | ||
| 245 |
_aСон номер 9 _bроман _cДевід Мітчел ; пер. з англ. Олекса Негребецький |
||
| 260 |
_aК. _bКсенія Сладкевич _c2007 |
||
| 300 | _a416 с. | ||
| 650 |
_2UDC _a821 Художня література окремими мовами і мовними сім'ями |
||
| 942 |
_cBK _2udc |
||
| 955 | _a3 | ||
| 999 |
_c574950 _d574950 |
||